000 00435nam a22001817a 4500
003 MPLRDC
005 20220104123804.0
008 210129b ||||| |||| 00| 0 eng d
020 _a7-80028-174-4
082 _a855 YZSa
100 _a叶稚珊著
245 _a沉默的金婚
_c
250 _a一版一刷
260 _a
_b现代出版社
_c1994
300 _b
650 _a散文;随笔、日记
942 _cBK
_o855 YZSa
999 _c14202
_d14192